000 00289nam a22001217a 4500
008 170712b xxu||||| |||| 00| 0 eng d
041 _aeng
080 _22ND
_a038
100 _a23
101 _aFJA
245 _aTHE AMERICAN HERITAGE SPANISH DICTIONARY
_cPRITCHARD, D.R
942 _2udc
_cBK
999 _c20339
_d20339